| 000 | 00688nam a22001817a 4500 | ||
|---|---|---|---|
| 005 | 20231214070821.0 | ||
| 008 | 231214b |||||||| |||| 00| 0 eng d | ||
| 020 | _a9780639006253 ; 97806390062660 ; 9780639008516 | ||
| 041 | _aEnglish | ||
| 082 | _a346.43 MOH | ||
| 100 |
_aMohamed, S _lEnglish |
||
| 245 |
_aLandlord & Tenant - Rights and Obligations : _bA guide to the rights, duties and responsibilities of tenant and landlord of residential dwellings / _cS Mohamed |
||
| 250 | _aFirst Edition | ||
| 260 |
_aDurban : _bLexisNexis (Pty) Ltd, _c2019 |
||
| 300 |
_bxxi, 289 pages ; _c25 cm. |
||
| 650 |
_aLegal practice _bLaw |
||
| 942 |
_cBK _6ALISON_BN_VRIES |
||
| 999 |
_c1195 _d1195 |
||